Η δι-ομοτική τεχνολογία και οι εφαρμογές της : τεχνολογική και πολιτισμική θεώρηση

Αποθηκεύτηκε σε:
Λεπτομέρειες βιβλιογραφικής εγγραφής
Κύριος συγγραφέας: Νάνου, Βασιλική
Συγγραφή απο Οργανισμό/Αρχή: Πανεπιστήμιο Αιγαίου. Σχολή Κοινωνικών Επιστημών. Τμήμα Πολιτισμικής Τεχνολογίας και Επικοινωνίας
Άλλοι συγγραφείς: Καβακλή, Ευαγγελία (Εισηγητής διατριβής)
Μορφή: Thesis Βιβλίο
Γλώσσα:Greek
Δημοσίευση: Μυτιλήνη : Πανεπιστήμιο Αιγαίου, Τμήμα Πολιτισμικής Τεχνολογίας και Επικοινωνίας, 2005
Θέματα:
Διαθέσιμο Online:http://hdl.handle.net/11610/10708
Ετικέτες: Προσθήκη ετικέτας
Δεν υπάρχουν, Καταχωρήστε ετικέτα πρώτοι!

MARC

LEADER 00000cam a2200000 i 4500
001 1/23821
008 060209s2005 gre d
035 |l 10082527 
040 |a GR-MY-UA  |b gre  |e aacr 
041 0 |a gre 
082 0 |a 384  |2 (22) 
100 1 |a Νάνου, Βασιλική. 
245 1 2 |a Η δι-ομοτική τεχνολογία και οι εφαρμογές της :  |b τεχνολογική και πολιτισμική θεώρηση /  |c Νάνου Βασιλική ; υπεύθυνη καθηγήτρια Καβακλή Ευαγγελία 
260 |a Μυτιλήνη :   |b Πανεπιστήμιο Αιγαίου, Τμήμα Πολιτισμικής Τεχνολογίας και Επικοινωνίας,   |c 2005 
300 |a 136 σ.;  |c 30 εκ. 
502 |a Πτυχιακή εργασία – Πανεπιστήμιο Αιγαίου, Λέσβος, 2003. 
504 |a Βιβλιογαρφία: 96-102 
650 0 0 |a Peer-to-peer architecture (Computer networks) 
650 0 0 |a Information networks. 
650 0 0 |a Telecommunication. 
650 0 0 |a Dissertations, Academic  |z Greece. 
700 1 |a Καβακλή, Ευαγγελία.  |4 ths 
710 2 |a Πανεπιστήμιο Αιγαίου.   |b Σχολή Κοινωνικών Επιστημών.   |b Τμήμα Πολιτισμικής Τεχνολογίας και Επικοινωνίας. 
852 |a INST  |b LESVOS  |c DIATR  |e 20060209  |h 67  |p 005100031044  |q 005100031044  |t DIE  |y 23 
852 |a INST  |b LESVOS  |c DIATR  |e 20060209  |h 68  |p 005100034262  |q 005100034262  |t DIE  |y 23 
856 |u http://hdl.handle.net/11610/10708 
901 |a BIBL1-2006-1 
909 |a Λ  |b 118485 
909 |a Λ  |b 118486 
924 |a ΝΑΝΟΥ  |b ΒΑΣΙΛΙΚΗ  |y ΛΕΣΒΟΣ  |z 2005 
970 |a ΜΑΡΙΝΑΤΟΥ  |b ΜΥΡΣΙΝΗ  |z 2006/02/09